[Sik, Domonkos: Radicalism and Indifference]
| Titel: | [Sik, Domonkos: Radicalism and Indifference] / Agnes Fernengel |
|---|---|
| Verfasser: | |
| In: |
Journal of contemporary Central and Eastern Europe, Band 25, Heft 3 (2017), Seite 390-392 alle Artikel anzeigen |
| Veröffentlicht: | 2017 |
| Format: | Aufsatz |
| Sprache: | Englisch |
X
alg: 46906582 001A $03025:09-09-20 001B $01999:27-07-21 $t17:21:43.000 001D $03025:09-09-20 001U $0utf8 001X $00 002@ $0Oou 002C $aText $btxt $2rdacontent 002D $aComputermedien $bc $2rdamedia 002E $aOnline-Ressource $bcr $2rdacarrier 003@ $0469065826 004P $010.1080/25739638.2017.1401842 007A $0469065826 $aHEB 010@ $aeng 010E $erda 011@ $a2017 013D $#Newspapers Sections, columns, etc. Reviews $#Book reviewing $#Journaux Cahiers, chroniques, etc. Comptes rendus $#Livres Recension $#Rezension $#Buchbesprechung $#Buchrezension $#Buchkritik $74049712-4 $8Rezension [Ts1] $9085138568 021A $a[Sik, Domonkos: Radicalism and Indifference] $hAgnes Fernengel 028A $BVerfasser $4aut $8Fernengel, Ágnes [Tp3] $9469065893 031A $d25 $e3 $h390-392 $j2017 039B $aEnthalten in $8--Obvc--. Journal of contemporary Central and Eastern Europe. - Abingdon, Ofordshire : Routlegde, Taylor & Francis Group, 2015-. - Online-Ressource. - ISSN 2573-9646 $x201700000250003610 $9426937147 039T $8--Aau--Sik, Domonkos [Tp3]. Radicalism and indifference. - Frankfurt am Main : PL Academic Research, [2016]. - 283 Seiten. - Illustrationen. - ISBN 978-3-631-67417-8 $9380433885 045F $a900.9439 $eDDC23BSB 045F/01 $a900 045F/03 $g439 lok: 46906582 78 exp: 46906582 78 1 #EPN 201B/01 $009-09-20 $t14:48:50.000 201C/01 $009-09-20 201U/01 $0utf8 203@/01 $01122695101 208@/01 $a09-09-20 $be 209A/01 $a/ $f000 $x00 209A/01 $ab*p $x01 220C/01 $apgar 244Z/01 $#Ungarn $#Ungarn $#Ungarische Räterepublik $#Königreich Ungarn $#Die @Länder der ungarischen Krone $#Transleithanien $#Magyarország $#Magyar Köztársaság $#Magyar Tanácsköztársaság $#Government of the Hungarian Republic $#Zemalja Ugarske Krune $#VNR $#Ungern $#Ungarische Republik $#Republik Ungarn $#Ungarische Volksrepublik $#Volksrepublik Ungarn $#Magyar Népköztársaság $#Hungary $#Hungarian Republic $#Hongrie $#Vengerskaja Narodnaja Respublika $#Hungarian People's Republic $#HPR Hungarian People's Republic $#République Populaire Hongroise $#Ungarische VR $#Republic of Hungary $#Vengrija $74078541-5 $8--Tgz--Ungarn $x01 $9085222712 247C/01 $82080>Marburg/Lahn, Herder-Institut, Forschungsbibliothek, Bibliographieportal $9336309341
| LEADER | 00000caa a2200000 c 4500 | ||
|---|---|---|---|
| 001 | 469065826 | ||
| 003 | DE-603 | ||
| 005 | 20210727172143.0 | ||
| 007 | cr|||||||||||| | ||
| 008 | 200909s2017 xx |||| o| u00||u|eng c | ||
| 024 | 7 | |a 10.1080/25739638.2017.1401842 |2 doi | |
| 035 | |a (DE-599)HEB469065826 | ||
| 040 | |a DE-603 |b ger |c DE-603 |d DE-603 |e rda | ||
| 041 | |a eng | ||
| 082 | 0 | 4 | |8 1\u |a 900.9439 |q DE-101 |2 23/BSB |
| 085 | |8 1\u |b 900 | ||
| 085 | |8 1\u |z 2 |s 439 | ||
| 100 | 1 | |a Fernengel, Ágnes |e Verfasser |4 aut |0 (DE-603)469065893 |0 (DE-588)1217355987 |2 gnd | |
| 245 | 0 | 0 | |a [Sik, Domonkos: Radicalism and Indifference] |c Agnes Fernengel |
| 264 | 0 | |c 2017 | |
| 336 | |a Text |b txt |2 rdacontent | ||
| 337 | |a Computermedien |b c |2 rdamedia | ||
| 338 | |a Online-Ressource |b cr |2 rdacarrier | ||
| 655 | 7 | |a Rezension |2 gnd-content |0 (DE-588)4049712-4 |0 (DE-603)085138568 | |
| 773 | 0 | 8 | |i Enthalten in |t Journal of contemporary Central and Eastern Europe |d Abingdon, Ofordshire : Routlegde, Taylor & Francis Group, 2015- |h Online-Ressource |x 2573-9646 |g Band 25, Heft 3 (2017), Seite 390-392 |w (DE-603)426937147 |w (DE-600)2922261-8 |
| 787 | 0 | 8 | |i Rezension von |a Sik, Domonkos |t Radicalism and indifference |d Frankfurt am Main : PL Academic Research, [2016] |h 283 Seiten, Illustrationen |z 9783631674178 |z 3631674171 |w (DE-603)380433885 |
| 924 | 1 | |9 2080 |a (DE-603)1122695101 |b DE-2080 |c HES |d d |g / | |


